Estudios sociológicos sobre la situación social de España 1975 / (Record no. 189778)

MARC details
000 -LEADER
campo de control de longitud fija 00706nam a2200193 i 4500
001 - NÚMERO DE CONTROL
campo de control 189778
003 - IDENTIFICADOR DE NÚMERO DE CONTROL
campo de control ES-MaACL
005 - FECHA Y HORA DE LA ÚLTIMA TRANSACCIÓN
campo de control 20230906223543.0
008 - DATOS DE LONGITUD FIJA--INFORMACIÓN GENERAL
campo de control de longitud fija 191125s1976 sp |||| | spa d
245 00 - MENCIÓN DEL TÍTULO
Título Estudios sociológicos sobre la situación social de España 1975 /
Mención de responsabilidad, etc. [Ignacio Bultó Martínez et al.] ; Fundación Foessa.
260 ## - PUBLICACIÓN, DISTRIBUCIÓN, ETC.
Lugar de publicación, distribución, etc. Madrid :
Nombre del editor, distribuidor, etc. Euramérica,
Fecha de publicación, distribución, etc. 1976.
300 ## - DESCRIPCIÓN FÍSICA
Extensión XXXII, 1408 p. ;
Dimensiones 27 cm +
Material acompañante/anejo 3 h. sueltas de map. pleg.
490 1# - MENCIÓN DE SERIE
Mención de serie Colección Foessa ;
Designación de volumen o secuencia 7
651 ## - PUNTO DE ACCESO ADICIONAL DE MATERIA--NOMBRE GEOGRÁFICO
Nombre geográfico España-
Subdivisión general Situación social-
Subdivisión cronológica 1975-1982.
9 (RLIN) 8507
700 1# - ENTRADA AGREGADA--NOMBRE PERSONAL
Nombre de persona Bultó Martinez, Ignacio.
9 (RLIN) 168863
830 0# - PUNTO DE ACCESO ADICIONAL DE SERIE-TÍTULO UNIFORME
Título uniforme Colección Foessa ;
Designación de volumen o secuencia 7
9 (RLIN) 187658
852 ## - LOCALIZACIÓN
Ubicación ES-MaACL
Número de control de estantería P-1086-7
Holdings
Estatus retirado Estado de pérdida Estado de daño No para préstamo Biblioteca de origen Biblioteca actual Ubicación en estantería Fecha de adquisición Fuente de adquisición Total de préstamos Signatura topográfica completa Código de barras Visto por última vez Precio de reemplazo Tipo de ítem Koha
        Biblioteca del Ateneo de Madrid Biblioteca del Ateneo de Madrid Depósito 2 25/11/2019     P-1086-7 1201286 23/02/2023 23/02/2023 Libro impreso